000 00603nam a22002057a 4500
001 57764
005 20260421123645.0
008 260416s2024 |||||||| |||| 00| 0 eng d
020 _a9783031468130
040 _aBD-DhIUB
_cBD-DhIUB
_dBD-DhIUB
082 _222
_a302.23
_bR2599
245 _aRefugees and the media:
_blocal and global perspectives /
_cedited by Nasir Uddin, Delaware Arif
260 _aSwitzerland:
_bSpringer Nature,
_c2024
300 _axxiii,354p;.
_c4cm
526 _aSL
_blaw
_lLaw
541 _aRisaam
650 0 _aRefugees
_96559
650 4 _aMass Media
_99
942 _2ddc
_cBK
999 _c57764
_d57938